Rektorát a celouniverzitné ústavy a pracoviská akademický rok 2009/2010

Salvato in:
Dettagli Bibliografici
Ente Autore: Ekonomická univerzita v Bratislave
Altri autori: Čajkovičová, Jana, 1964-
Natura: Libro
Lingua:slovacco
Pubblicazione: Bratislava Vydavateľstvo EKONÓM 2009
Soggetti:
Tags: Aggiungi Tag
Nessun Tag, puoi essere il primo ad aggiungerne!!

MARC

LEADER 00000nam$a2200000$$$4500
001 0105827
005 20240318125134.3
020 |a 978-80-225-2779-8 
041 0 |a slo 
044 |a SK 
245 1 0 |a Rektorát a celouniverzitné ústavy a pracoviská  |b akademický rok 2009/2010  |c zostavila: Jana Čajkovičová 
264 1 |a Bratislava  |b Vydavateľstvo EKONÓM  |c 2009 
300 |a 49 s. 
610 2 0 |a školy vysoké 
610 2 0 |a univerzity 
610 2 0 |a pracovisko 
610 2 0 |a aktivita hospodárska 
610 2 0 |a aktivita pracovná 
610 2 0 |a aktivita spoločenská 
610 2 0 |a útvary ekonomické 
610 2 0 |a ústavy vedecké 
610 2 0 |a ústavy výskumné 
610 2 0 |a pracovníci riadiaci 
610 2 0 |a zamestnanci 
700 1 |a Čajkovičová, Jana, 1964- 
710 2 |a Ekonomická univerzita v Bratislave